| 000 | 01404nam a22003017a 4500 | ||
|---|---|---|---|
| 999 |
_c64201 _d64201 |
||
| 005 | 20240530110719.0 | ||
| 008 | 180320s2015 ua h f 000 0dara d | ||
| 017 |
_a2011/22194 _bمصر. دار الكتب |
||
| 020 | _a9789777049122 | ||
| 040 |
_aEG-CaGPL _cEG-CaGPL |
||
| 082 | 0 | 4 |
_221 _a962.16 / _bق/س ق |
| 245 | 0 | 2 |
_aالقاهرة - مدينة عالمية : _bعن السياسة والثقافة والمجال العمرانى : شرق اوسط جديد فى ظل العولمة / _cتحرير دايان سينجرمان، بول عمار ؛ ترجمة وتقديم يعقوب عبدالرحمن |
| 250 | _aط.1 | ||
| 260 |
_aالقاهرة : _bالمركز القومى للترجمة ، _c2015. |
||
| 300 |
_a975 ص. : _bايض ؛ _c24 سم. |
||
| 490 | 0 |
_aالمركز القومى للترجمة ؛ _v2056. |
|
| 650 | _2qrmak | ||
| 651 | 0 | 7 |
_2qrmak _aالقاهرة _xتاريخ |
| 651 | 0 | 7 |
_2qrmak _aالقاهرة _xالشوارع |
| 651 | 0 | 7 |
_2qrmak _aالقاهرة _xوصف ورحلات |
| 651 | 0 | 7 |
_2qrmak _aالقاهرة _xالمبانى التاريخية |
| 651 | 0 | 7 |
_2qrmak _aالقاهرة _xالاحوال السياسية |
| 700 | 1 |
_aسينجرمان، دايان _eمحرر |
|
| 700 | 1 |
_aعمار، بول _eمحرر مشارك |
|
| 700 | 0 |
_aيعقوب عبدالرحمن _eمترجم ومقدم |
|
| 942 |
_2ddc _cBK |
||